حكايات ويوميات من ذاكرة عمران المدن : (Record no. 30508)

MARC details
000 -الفاتح
حقل البيانات ثابتة الطول 01050nam a22002657i 4500
003 - محدد رقم الضبط
رقم الضبط EG-ScBUE
005 - وقت وتاريخ اخر تعامل مع التسجيلة
رقم الضبط 20230904093842.0
008 - عناصر البيانات ثابتة الطول - معلومات عامة
حقل البيانات ثابتة الطول 220731s2002 u o f 000 0 ara d
017 ## - رقم الإيداع القانونى
رقم الإيداع القانونى 2002 / 14937
040 ## - مصدر الفهرسة
وكالة الفهرسة الأصلية EG-ScBUE
لغة الفهرسة ara
قواعد الوصف rda
وكالة النسخ EG-ScBUE
وكالة التعديل EG-ScBUE
082 04 - رقم تصنيف ديوى العشرى
رقم الطبعة 22
رقم التصنيف 711.4
رقم المادة أ ب و
100 1# - المدخل الرئيسى - إسم شخصى
الإسم الشخصى أبو سعدة، هشام جلال،
الدور مؤلف.
245 10 - بيان العنوان
العنوان حكايات ويوميات من ذاكرة عمران المدن :
بقية العنوان ترانيم 2002 م /
بيان المسئوليه,etc دكتور هشام جلال أبو سعدة، دكتور جمال عبد الغني.
250 ## - بيان الطبعة
بيان الطبعة الطبعة الأولى.
264 #1 - النشر، التوزيع
مكان الناشر او الموزع القاهرة :
اسم الناشر او الموزع دار العالم العربي للطباعة،
تاريخ النشر أو التوزيع 2002.
300 ## - الوصف المادى
التعداد 151 صفحة :
تفاصيل ماديه اخرى للوعاء صور ؛
أبعاد الوعاء 26 سم
336 ## - نوع المحتوى
source rdacontent
Carrier Type Term نص
Content Type Code txt
337 ## - نوع الوسيط
source rdamedia
Media Type Term بدون وسيط
Media Type Code n
338 ## - نوع الحامل أو الناقل
source rdacarrier
Carrier Type Term مجلد
Carrier Type Code nc
541 ## - تبصرة المصدر المباشر للتزويد
طريقة التزويد Donation ;
مصدر التزويد Prof. Ayman Othman.
650 #7 - المدخل الاضافى بالموضوع-مصطلح موضوعى
مصطلح موضوعي أو اسم جغرافي كعنصر مدخل تخطيط المدن.
مصدر الرأس أو المصطلح BUEsh
655 ## - مصطلح تكشيفى-نوع/شكل
التقسيم الفرعي الشكلي Reading book
700 1# - المدخل الاضافى - اسم شخصى
الإسم الشخصى عبد الغني، جمال،
الدور مؤلف.
942 ## - عناصر المدخل الإضافي( كوها)
مصدر التصنيف او مخطط الترفيف Dewey Decimal Classification
Holdings
حالة التراجع حالة الفقد مصدر التصنيف او خطة الترفيف حالة تلف ليس للاعارة مجموعات كوها المكان الدائم المكان الحالي موقع الترفيف تاريخ الاكتساب Source of acquisition رقم الاستدعاء الباركود Date last seen نوع الوعاء
    Dewey Decimal Classification     Donation-Gift Central Library Central Library Second Floor 04/09/2023 Donation 711.4 أ ب و 000056849 15/07/2025 Book - Borrowing